[Event "Ricany op"]
[Site "Ricany"]
[Date "2020.08.22"]
[Round "1"]
[White "Vojta, Tomas"]
[Black "Hadrava, Jaroslav"]
[Result "1-0"]
[WhiteElo "2328"]
[BlackElo "1883"]
[PlyCount "99"]
[EventDate "2020.08.22"]
[EventType "swiss"]
[EventRounds "9"]
[EventCountry "CZE"]
[SourceTitle "CBM 198 Extra"]
[Source "ChessBase"]
[SourceDate "2020.11.30"]
[SourceVersion "1"]
[SourceVersionDate "2020.11.30"]
[SourceQuality "1"]

1. e4 e5 2. Nc3 Nc6 3. f4 exf4 4. Nf3 d6 5. d4 g5 6. d5 Ne5 7. Bb5+ Bd7 8. Bxd7+ Nxd7 9. Qd4 Qf6 10. Qxf6 Ngxf6 11. Nxg5 Rg8 12. Bxf4 h6 13. Nh3 Rxg2 14. 0-0-0 0-0-0 15. Rdf1 Nh5 16. Be3 Ne5 17. Bd4 Rd7 18. Rf5 Ng7 19. Rf2 Rxf2 20. Nxf2 f5 21. exf5 Rf7 22. Bxe5 dxe5 23. Ng4 Rxf5 24. Nxh6 Rf4 25. h3 Nf5 26. Ng4 Bd6 27. Re1 Nd4 28. Kd1 Nf3 29. Re4 Ng1 30. h4 Rf1+ 31. Kd2 Rf5 32. Nb5 a6 33. Nxd6+ cxd6 34. Ne3 Rf2+ 35. Kd3 Rh2 36. Nf5 Nf3 37. Nxd6+ Kc7 38. Nc4 b5 39. Nxe5 Nxe5+ 40. Rxe5 Rxh4 41. b3 Kd6 42. Re6+ Kxd5 43. Rxa6 Rh3+ 44. Kd2 Rh2+ 45. Kc3 Kc5 46. Rg6 Rh3+ 47. Kb2 Rh2 48. Rg4 b4 49. Rc4+ Kb5 50. a3 1-0

[Event "Ricany op-A"]
[Site "Ricany"]
[Date "2018.08.26"]
[Round "2"]
[White "Lhotska, Anna"]
[Black "Hadrava, Jaroslav"]
[Result "0-1"]
[WhiteElo "1688"]
[BlackElo "1913"]
[PlyCount "113"]
[EventDate "2018.08.25"]
[EventType "swiss"]
[EventRounds "9"]
[EventCountry "CZE"]
[SourceTitle "EXT 2019"]
[Source "ChessBase"]
[SourceDate "2018.10.10"]
[SourceVersion "1"]
[SourceVersionDate "2018.10.10"]
[SourceQuality "1"]

1. c4 e5 2. Nc3 Nc6 3. Nf3 f5 4. d3 Nf6 5. g3 Bb4 6. Bg2 d6 7. 0-0 Bxc3 8. bxc3 0-0 9. Rb1 Na5 10. Qc2 c6 11. Ba3 Re8 12. Qa4 c5 13. Nd2 Bd7 14. Qc2 Bc6 15. Bxc6 bxc6 16. Rfe1 Qc7 17. d4 cxd4 18. cxd4 exd4 19. Qxf5 c5 20. Qd3 Qf7 21. Rb5 Nc6 22. Reb1 Ne5 23. Qc2 Nfg4 24. Rf1 Qh5 25. h4 Nf6 26. Re1 Neg4 27. Bb2 Re7 28. Bxd4 Rae8 29. Bxf6 Nxf6 30. e3 Ng4 31. Rb3 Qf7 32. Rf1 Rf8 33. Ne4 Qf5 34. f3 Rxe4 35. Qe2 Nxe3 36. Rxe3 Rxe3 37. Qxe3 Qg6 38. Qf2 Qd3 39. f4 Qxc4 40. Qd2 Qe6 41. Rd1 Rd8 42. Re1 Qf7 43. Qa5 Qd7 44. Rd1 Qe7 45. Re1 Qd7 46. Rd1 Kf7 47. Qc3 Qe6 48. a3 Rd7 49. Re1 Qd5 50. Qc2 g6 51. Qc3 Rb7 52. Re3 Rb1+ 53. Kf2 Rd1 54. Ke2 Rh1 55. Rf3 Rh2+ 56. Ke1 Qe4+ 57. Kf1 0-1

[Event "CZE-chT2B 1516"]
[Site "Czech Republic"]
[Date "2015.12.06"]
[Round "4.8"]
[White "Sedivy, Ales"]
[Black "Hadrava, Jaroslav"]
[Result "0-1"]
[WhiteElo "1931"]
[BlackElo "1987"]
[PlyCount "106"]
[EventDate "2015.10.18"]
[EventType "team-tourn"]
[EventRounds "11"]
[EventCountry "CZE"]
[SourceTitle "EXT 2022"]
[Source "ChessBase"]
[SourceDate "2021.10.06"]
[SourceVersion "1"]
[SourceVersionDate "2021.10.06"]
[SourceQuality "1"]
[WhiteTeam "Jicin III"]
[BlackTeam "Unichess II"]
[WhiteTeamCountry "CZE"]
[BlackTeamCountry "CZE"]

1. f4 e5 2. fxe5 d6 3. e6 Bxe6 4. Nf3 Nf6 5. Nc3 d5 6. e3 c6 7. b3 Bd6 8. Bb2 Nbd7 9. Qe2 0-0 10. 0-0-0 b5 11. g3 a5 12. a4 bxa4 13. Nxa4 Nc5 14. Nxc5 Bxc5 15. Bg2 a4 16. bxa4 Rxa4 17. Nd4 Qb6 18. Nb3 Ba3 19. Bxa3 Rxa3 20. Kb2 Rfa8 21. Ra1 Qb4 22. Rxa3 Qxa3+ 23. Kc3 Rb8 24. d4 Ne4+ 25. Bxe4 dxe4 26. Qd1 g6 27. Rf1 Qb4+ 28. Kb2 c5 29. dxc5 Bxb3 30. cxb3 Qxc5 31. Qd7 Qe5+ 32. Kc2 f5 33. Qd4 Qb5 34. Qc4+ Qxc4+ 35. bxc4 Kf7 36. Ra1 Rb7 37. Ra6 Rd7 38. Rb6 h5 39. h4 Ra7 40. Kb2 Rc7 41. Kc3 Rd7 42. Kc2 Rd3 43. Rb3 Rd6 44. c5 Rc6 45. Rc3 Ke6 46. Kb3 Kd5 47. Kb4 Rc8 48. Rc4 Rb8+ 49. Kc3 Rb1 50. Rd4+ Kxc5 51. Rd8 Rg1 52. Rc8+ Kd6 53. Rd8+ Ke5 0-1

[Event "CZE-chT2B 1516"]
[Site "Czech Republic"]
[Date "2015.11.08"]
[Round "2.8"]
[White "Lesak, Jiri"]
[Black "Hadrava, Jaroslav"]
[Result "0-1"]
[WhiteElo "1942"]
[BlackElo "1987"]
[PlyCount "102"]
[EventDate "2015.10.18"]
[EventType "team-tourn"]
[EventRounds "11"]
[EventCountry "CZE"]
[SourceTitle "EXT 2022"]
[Source "ChessBase"]
[SourceDate "2021.10.06"]
[SourceVersion "1"]
[SourceVersionDate "2021.10.06"]
[SourceQuality "1"]
[WhiteTeam "Decin"]
[BlackTeam "Unichess II"]
[WhiteTeamCountry "CZE"]
[BlackTeamCountry "CZE"]

1. b3 e5 2. Bb2 Nc6 3. c4 Nf6 4. g3 Bc5 5. Bg2 d6 6. Nf3 0-0 7. 0-0 a6 8. Nc3 Bf5 9. a3 Qc8 10. Re1 Nd4 11. Nxd4 exd4 12. Nd5 Nxd5 13. cxd5 Re8 14. b4 Bb6 15. Qb3 Be4 16. Bxe4 Rxe4 17. d3 Re5 18. Qc4 Qe8 19. Kf1 Qd7 20. Bxd4 Qh3+ 21. Kg1 Rh5 22. e4 Qxh2+ 23. Kf1 Qh3+ 24. Ke2 Qg4+ 25. Kd2 Qf3 26. Bxb6 cxb6 27. Re2 f5 28. Rc1 f4 29. Qd4 fxg3 30. fxg3 Qxg3 31. Rc7 Qg5+ 32. Kc2 Rh1 33. Kb2 Qg4 34. Rec2 Rf8 35. Rxb7 b5 36. Ra7 h5 37. Rac7 h4 38. Rf2 Rxf2+ 39. Qxf2 Rg1 40. Qf7+ Kh7 41. Rc2 h3 42. Kc3 Rg2 43. Rf2 Qg6 44. Qxg6+ Kxg6 45. Rf3 h2 46. Rh3 Kf6 47. Kd4 g5 48. e5+ dxe5+ 49. Ke4 g4 50. Rh6+ Kg5 51. Rh8 Re2# 0-1

[Event "Ricany op"]
[Site "Ricany"]
[Date "2015.08.28"]
[Round "8"]
[White "Hollan, Martin"]
[Black "Hadrava, Jaroslav"]
[Result "1-0"]
[WhiteElo "2180"]
[BlackElo "1927"]
[PlyCount "93"]
[EventDate "2015.08.22"]
[EventType "swiss"]
[EventRounds "9"]
[EventCountry "CZE"]
[SourceTitle "EXT 2023"]
[Source "ChessBase"]
[SourceDate "2022.10.05"]
[SourceVersion "1"]
[SourceVersionDate "2022.10.05"]
[SourceQuality "1"]

1. e4 c5 2. Nf3 e6 3. d4 cxd4 4. Nxd4 a6 5. Bd3 Nc6 6. Nxc6 bxc6 7. 0-0 d5 8. Nc3 Nf6 9. Qe2 Be7 10. b3 Bb7 11. Bb2 0-0 12. Rad1 Re8 13. Rfe1 Qc7 14. Qf3 d4 15. Nb1 e5 16. Nd2 Bb4 17. a3 Bxd2 18. Rxd2 a5 19. a4 Ba6 20. Ba3 c5 21. Bxa6 Rxa6 22. Qd3 Rc6 23. Qc4 h6 24. Rd3 Nd7 25. Rf3 Ree6 26. c3 Rf6 27. Rg3 Rg6 28. Rc1 Rxg3 29. hxg3 Nb6 30. Qb5 c4 31. b4 axb4 32. Bxb4 Nd7 33. a5 Nc5 34. cxd4 Nd3 35. d5 Nxc1 36. Qxc6 Qb8 37. Qxc4 Na2 38. Qxa2 Qxb4 39. a6 Qd4 40. Kh2 Qd1 41. f3 h5 42. a7 h4 43. a8Q+ Kh7 44. Qf2 Qc1 45. gxh4 Qh6 46. Qg3 f6 47. Qg4 1-0

[Event "Ricany op"]
[Site "Ricany"]
[Date "2013.08.27"]
[Round "5"]
[White "Hadrava, Jaroslav"]
[Black "Mihal, Sergej"]
[Result "1-0"]
[WhiteElo "1915"]
[BlackElo "1771"]
[PlyCount "89"]
[EventDate "2013.08.24"]
[EventType "swiss"]
[EventRounds "9"]
[EventCountry "CZE"]
[SourceTitle "EXT 2022"]
[Source "ChessBase"]
[SourceDate "2021.10.06"]
[SourceVersion "1"]
[SourceVersionDate "2021.10.06"]
[SourceQuality "1"]

1. e4 e5 2. Nf3 Nc6 3. Bc4 Nd4 4. Nxd4 exd4 5. 0-0 d6 6. d3 Be6 7. f4 Qf6 8. Nd2 0-0-0 9. Nf3 Bg4 10. Qe1 Bxf3 11. Rxf3 Ne7 12. c3 d5 13. Bb3 dxe4 14. dxe4 Nc6 15. Bd5 Bc5 16. b4 Bb6 17. e5 Qe7 18. Bxc6 dxc3+ 19. Be3 bxc6 20. Qxc3 Qd7 21. Rc1 Kb7 22. a4 a6 23. a5 Bxe3+ 24. Rxe3 Qd5 25. Qc4 Rd7 26. Rec3 Rhd8 27. Qxc6+ Qxc6 28. Rxc6 Rd1+ 29. Kf2 Rxc1 30. Rxc1 Rd4 31. Rb1 Rxf4+ 32. Ke3 Rf5 33. Ke4 g6 34. Rb2 Kc6 35. Rc2+ Kd7 36. g4 Rg5 37. Kf4 f6 38. exf6 Rb5 39. Rc5 Rxb4+ 40. Kg5 h6+ 41. Kxh6 Rxg4 42. f7 Ke7 43. Kg7 Rf4 44. Rxc7+ Kd8 45. Ra7 1-0

[Event "Ricany op"]
[Site "Ricany"]
[Date "2013.08.24"]
[Round "1"]
[White "Hadrava, Jaroslav"]
[Black "Moravec, Vit"]
[Result "0-1"]
[WhiteElo "1915"]
[BlackElo "2159"]
[PlyCount "112"]
[EventDate "2013.08.24"]
[EventType "swiss"]
[EventRounds "9"]
[EventCountry "CZE"]
[SourceTitle "EXT 2022"]
[Source "ChessBase"]
[SourceDate "2021.10.06"]
[SourceVersion "1"]
[SourceVersionDate "2021.10.06"]
[SourceQuality "1"]

1. e4 c5 2. Nf3 d6 3. d4 cxd4 4. Nxd4 Nf6 5. Nc3 g6 6. f4 Nc6 7. Nxc6 bxc6 8. e5 Nd7 9. exd6 exd6 10. Qd4 Qf6 11. Qxf6 Nxf6 12. Bd3 Bg7 13. 0-0 Ng4 14. Ne2 f5 15. h3 Nf6 16. Nd4 Bd7 17. Re1+ Kf7 18. Nf3 Rhe8 19. Bd2 Ne4 20. Bxe4 fxe4 21. Rxe4 Rxe4 22. Ng5+ Kg8 23. Nxe4 Bxb2 24. Rb1 Bd4+ 25. Kf1 d5 26. Nf2 Bc8 27. Nd3 Ba6 28. Ke2 Re8+ 29. Kf3 Bb6 30. Re1 Rxe1 31. Bxe1 Bc4 32. a3 c5 33. Ne5 Bb5 34. c3 Kf8 35. Bf2 Ke7 36. g4 Ke6 37. h4 Be8 38. Nd3 Kd6 39. f5 gxf5 40. gxf5 Bh5+ 41. Kf4 Be2 42. Ke3 Bxd3 43. Kxd3 c4+ 44. Ke2 Bxf2 45. Kxf2 Ke5 46. Ke3 Kxf5 47. Kd4 Ke6 48. Kc5 Ke5 49. a4 a5 50. Kb5 Ke4 51. Kxa5 d4 52. cxd4 Kxd4 53. Kb6 c3 54. a5 c2 55. a6 c1Q 56. a7 Qh1 0-1

[Event "Ricany op-A"]
[Site "Ricany"]
[Date "2011.08.22"]
[Round "4"]
[White "Vevera, Radek"]
[Black "Hadrava, Jaroslav"]
[Result "1-0"]
[WhiteElo "2043"]
[BlackElo "1890"]
[PlyCount "83"]
[EventDate "2011.08.20"]
[EventType "swiss"]
[EventRounds "9"]
[EventCountry "CZE"]
[SourceTitle "CBM 144 Extra"]
[Source "ChessBase"]
[SourceDate "2011.10.28"]
[SourceVersion "1"]
[SourceVersionDate "2011.10.28"]
[SourceQuality "1"]

1. e4 e5 2. Nf3 Nf6 3. Nxe5 d6 4. Nf3 Nxe4 5. d4 Be7 6. c4 0-0 7. Bd3 d5 8. 0-0 Bg4 9. cxd5 Ng5 10. Bxg5 Bxg5 11. h3 Bh5 12. Nc3 c6 13. dxc6 Nxc6 14. d5 Ne5 15. Be2 Nxf3+ 16. Bxf3 Bxf3 17. Qxf3 Qb6 18. Rfd1 Rad8 19. Rd3 Be7 20. Rad1 Rd7 21. Qf5 Rfd8 22. Ne4 h6 23. b3 Qa5 24. Rf3 Bg5 25. Nxg5 hxg5 26. Rfd3 Qxa2 27. Qxg5 f6 28. Qf5 Qa5 29. Qe6+ Kf8 30. d6 Qe5 31. Qc4 f5 32. Rd5 Qf6 33. Qf4 g6 34. h4 Kg7 35. g3 Kh7 36. Kg2 Kg7 37. R1d4 Rc8 38. h5 Rc6 39. hxg6 Qxg6 40. Qxf5 Rcxd6 41. Rxd6 Qxd6 42. Qg4+ 1-0